00759nam a2200229 a 450000100060000000300080000600500170001400800410003102000220007203500190009404000270011304100080014008200220014810000290017024500930019926000440029230000350033650000380037150400530040965000230046265100440048533920BD-RjUL20211209052059.0140512t1974 enka b 001 0 eng d a0435820664 (hbk.) a(BD-RjUL)34012 aDLCbengcDLCdBD-RjUL aeng04a309.104bBEC 19741 aBell, Daniel,d1919-201114aThe coming of post-industrial society :ba venture in social forecasting /cDaniel Bell. aLondon :bHeinemann Educational,c1974. axiii, 507 p. :bill. ;c24 cm. aFirst published in the USA, 1973. aIncludes bibliographical references and indexes. 0aSocial prediction. 0aUnited StatesxSocial conditionsy1945-